Most dot balls bowled by a bowler in powerplay IPL 2023 - Statistics

General Stats
  • This quiz has been taken 20 times
  • The average score is 6 of 12
Answer Stats
Team Number of dot balls Player % Correct
Gujarat Titans 152 Mohammad Shami
88%
Chennai Super Kings 69 Deepak Chahar
76%
Royal Challengers Bangalore 119 Mohammed Siraj
76%
Sunrisers Hyderabad 88 Bhuvneshwar Kumar
71%
Rajasthan Royals 90 Trent Boult
71%
Punjab Kings 59 Arshdeep Singh
59%
Delhi Capitals 53 Ishant Sharma
47%
Rajasthan Royals 63 Sandeep Sharma
47%
Chennai Super Kings 94 Tushar Deshpande
41%
Mumbai Indians 69 Jason Behrendorff
24%
Delhi Capitals 60 Khaleel Ahmed
18%
Sunrisers Hyderabad 56 Marco Jansen
12%
No matching quizzes found
Score Distribution
Percent of People with Each Score
Percentile by Number Answered
Your Score History
You have not taken this quiz